| 000 | 01193cam a22003137a 4500 | ||
|---|---|---|---|
| 003 | CHAP | ||
| 005 | 20220817043734.0 | ||
| 008 | 001214d1999 mx r 00110 spa d | ||
| 010 | _a83136 | ||
| 011 | _a84108 | ||
| 020 | _a9688207969 | ||
| 035 | _a94627 | ||
| 040 | _cCHAP | ||
| 090 | _aFolleto 16100 | ||
| 100 | 0 | 0 |
_aZedillo Ponce de León, Ernesto. _9123853 |
| 245 | 1 | 0 |
_aConsiderations on the social, economic and political progress of the nation : _bspeech delivered on the occasion of the commencement of ordinary sessions of the first period of the H. Congress of the Union _c/por Ernesto Zedillo Ponce de León |
| 260 |
_aMéxico, D. F. : _bPresidencia de la República. Dirección General de Comunicación Social, _c1999. |
||
| 300 | _a37 p. | ||
| 590 |
_aBATCH-UPD _b10 _c20130110 _lUCH01 _h1028 |
||
| 590 |
_aBATCH-UPD _b10 _c20130410 _lUCH01 _h0631 |
||
| 590 |
_aBATCH-UPD _b10 _c20130914 _lUCH01 _h1151 |
||
| 590 |
_aCONVERSION _b10 _c20130109 _lUCH01 _h1346 |
||
| 650 | 1 | 4 | _aDesarrollo económico. |
| 650 | 1 | 4 |
_aPolítica económica _zMéxico. _990535 |
| 901 | _aBK | ||
| 905 | _aLilia Sánchez G. | ||
| 942 | _cFOLL | ||
| 949 |
_aFolleto 16100 _bBC _cFOLL _d946271 _eTS1 _i94627 _sb |
||
| 999 |
_c83136 _d83136 |
||